00870nam a22002657a 450000500170000001000130001702000100003003500130004003700160005304000120006908200160008110000330009724500720013024600060020226000400020827000520024830000320030049000060033250000320033865000300037065000300040094200250043099900190045595201300047420170124105913.0 aA-245062 c95.00 aA-245062 bCen Lib/Ret aDPLbEN a021.64bVER aVerma, Subhash Chandra91187 aNational library and information system /cby Subhash Chandra Verma b  bPrintwell Publishers c1985aJaipur ac-123, mangal margh, bapu nagarbJaipure302015 avii, 172p.:c21cm(Hb)bill. a  aincludes appendix and index aLibrary Sciences 9107145 aInformation Systems91189 2ddccENh021.64mVER c122617d122617 001040718REFaLbLd2015-05-28eCen Lib/Retg95.00l0o021.64 VERpA-245062r2015-05-28 00:00:00t1v95.00w2016-09-15yEN